Riešenie otázok kapitálovej štruktúry v domácich a zahraničných podmienkach
Riadenie kapitálovej štruktúry a optimálna kapitálová štruktúra. Domáce a zahraničné výskumy kapitálovej štruktúry a ich prínosy. Výskum kapitálovej štruktúry slovenských podnikov autorov Kráľovič J., Hyránek E., Sochor M. Zahraničné výskumy autorov Graham J., Harvey C.R. Ďalšie zahraničné a domáce...
Saved in:
| Main Author: | |
|---|---|
| Format: | Book Chapter |
| Language: | Slovak |
| Subjects: | |
| Tags: |
No Tags, Be the first to tag this record!
|
MARC
| LEADER | 00000nla$a2200000$$$4500 | ||
|---|---|---|---|
| 001 | 0109433 | ||
| 005 | 20240502072217.2 | ||
| 041 | 0 | |a slo | |
| 044 | |a SK | ||
| 245 | 1 | 0 | |a Riešenie otázok kapitálovej štruktúry v domácich a zahraničných podmienkach |c Elena Hucová |
| 520 | |a Riadenie kapitálovej štruktúry a optimálna kapitálová štruktúra. Domáce a zahraničné výskumy kapitálovej štruktúry a ich prínosy. Výskum kapitálovej štruktúry slovenských podnikov autorov Kráľovič J., Hyránek E., Sochor M. Zahraničné výskumy autorov Graham J., Harvey C.R. Ďalšie zahraničné a domáce výskumy. | ||
| 610 | 2 | 0 | |a kapitál |
| 610 | 2 | 0 | |a štruktúra kapitálová |
| 610 | 2 | 0 | |a financie |
| 610 | 2 | 0 | |a flexibilita |
| 610 | 2 | 0 | |a volatilita |
| 610 | 2 | 0 | |a príjmy |
| 610 | 2 | 0 | |a výskum |
| 100 | 1 | |a Hucová, Elena | |